000 nam a22 7a 4500
999 _c8212
_d8212
008 171212b xxu||||| |||| 00| 0 eng d
100 _aJagannathan.V.R.
_94633
245 _aTogether with moral values
260 _aNew Delhi
_bRachna
_c2008